000 00334nam a2200145Ia 4500
008 230718s9999 xx 000 0 und d
041 _aEng.
082 _a320
_bQUR-P
100 _aQureshi,Khalid,M
245 0 _aPolitical Guide Science
260 _aPakistan
_bEveenew Book
_c2005
300 _a1181
650 _aLaw
999 _c30625
_d30625